Data Communication and Computer Networks (Record no. 2920)

MARC details
000 -LEADER
fixed length control field 00323nam a2200133Ia 4500
008 - FIXED-LENGTH DATA ELEMENTS--GENERAL INFORMATION
fixed length control field 191201s2006 xx 000 0 und d
082 ## - DEWEY DECIMAL CLASSIFICATION NUMBER
Classification number 004.6
Item number GUD
100 ## - MAIN ENTRY--PERSONAL NAME
Personal name GUPTA, P C
245 #0 - TITLE STATEMENT
Title Data Communication and Computer Networks
260 ## - PUBLICATION, DISTRIBUTION, ETC. (IMPRINT)
Place of publication, distribution, etc N.Delhi
Name of publisher, distributor, etc PHI
Date of publication, distribution, etc 2006
300 ## - PHYSICAL DESCRIPTION
Extent 800
650 ## - SUBJECT ADDED ENTRY--TOPICAL TERM
Topical term or geographic name as entry element B.Tech(IT)
942 ## - ADDED ENTRY ELEMENTS (KOHA)
Source of classification or shelving scheme Dewey Decimal Classification
Koha item type Text Books
Holdings
Withdrawn status Lost status Source of classification or shelving scheme Damaged status Not for loan Collection code Home library Current library Date acquired Source of acquisition Cost, normal purchase price Bill Number Total Checkouts Full call number Acc. no. / Barcode Date last seen Bill Date Koha item type Date last borrowed
    Dewey Decimal Classification     B.Tech(IT) PIET C-LIBRARY PIET C-LIBRARY 20/08/2007 J B C, New Delhi 450.00 707   004.6 GUD 6676 04/12/2019 28/07/2007 Text Books  
    Dewey Decimal Classification     B.Tech(IT) PIET C-LIBRARY PIET C-LIBRARY 20/08/2007 J B C, New Delhi 450.00 707   004.6 GUD 6677 04/12/2019 28/07/2007 Text Books  
    Dewey Decimal Classification     Computer Science & Engineering in Cyber Security PIET C-LIBRARY PIET C-LIBRARY 20/08/2007 J B C, New Delhi 450.00 707 1 004.6 GUD 6678 09/06/2025 28/07/2007 Text Books 22/05/2025
    Dewey Decimal Classification     Computer Science & Engineering in Cyber Security PIET C-LIBRARY PIET C-LIBRARY 20/08/2007 J B C, New Delhi 450.00 707   004.6 GUD 6679 04/12/2019 28/07/2007 Text Books  

Design & Developed by: PIET Central Library
R70 Miles Stone Pattikalyana Samalkha Panipat 132102
mail ID :- [email protected], Phone No:- 0180-2569700 Ex.216